[Event "Titled Tuesday intern op 05th Mar Early"]
[Site "Chess.com INT"]
[Date "2024.03.05"]
[Round "5"]
[White "Vetoshko, Volodymyr"]
[Black "Mohammadi, Melika"]
[Result "1-0"]
[WhiteElo "2524"]
[BlackElo "2177"]
[PlyCount "119"]
[EventDate "2024.03.05"]
[EventType "swiss (blitz)"]
[EventRounds "11"]
[EventCountry "USA"]
[SourceTitle "EXT 2025"]
[Source "ChessBase"]
[SourceDate "2024.10.14"]
[SourceVersion "1"]
[SourceVersionDate "2024.10.14"]
[SourceQuality "1"]

1. e4 e5 2. Nf3 Nc6 3. Nc3 Nf6 4. a3 d5 5. Bb5 dxe4 6. Nxe5 Qd6 7. d4 exd3 8. 0-0 Be7 9. Bf4 Qc5 10. Re1 Be6 11. Nxd3 Qf5 12. Re5 Qg4 13. f3 Qg6 14. Rg5 Qh6 15. Rd5 Qg6 16. Ne5 Qf5 17. Nxc6 Qxf4 18. Nxe7+ Kxe7 19. Rd4 Qe3+ 20. Kh1 Rhd8 21. Rd3 Qc5 22. Qe1 a6 23. Rxd8 Rxd8 24. Bd3 Kf8 25. Qg3 Kg8 26. Re1 h6 27. Ne4 Nxe4 28. Rxe4 Qd6 29. Qxd6 Rxd6 30. Kg1 Rd7 31. Re3 Kf8 32. Kf2 Rd6 33. f4 Rb6 34. b4 g6 35. g3 h5 36. h4 Rd6 37. Re5 Kg7 38. Ke3 Kf6 39. Rc5 c6 40. Re5 Bd7 41. a4 Be6 42. a5 Rd7 43. Re4 Rd6 44. Rd4 Rxd4 45. Kxd4 Bf5 46. Be4 Bc8 47. Kc5 Ke6 48. Kb6 Kd6 49. c4 f5 50. c5+ Kd7 51. Bc2 Kd8 52. Bb3 Kd7 53. Bf7 Kd8 54. Bxg6 Be6 55. Bxh5 Ke7 56. Kxb7 Bc4 57. Kxc6 Bb5+ 58. Kb6 Ke6 59. c6 Kd5 60. c7 1-0